000 00539nam a22001697a 4500
003 MACL
005 20160529133919.0
008 160529b xxu||||| |||| 00| 0 eng d
040 _cMACL
041 _aHindi
082 _a891.433 JEE
100 _aजींद्र, आन्‍द्रे
_960823
245 _aप्रेम का प्रकाश
_cआन्‍द्रे जींद
260 _aनई दिल्‍ली
_bसजल पब्लिशर्स
_c2004
650 _aNovel
_960824
942 _2ddc
_cHIN
999 _c54158
_d54158